[Event "XVI Festival Magistrale"]
[Site "Asti ITA"]
[Date "1995.10.08"]
[Round "9"]
[White "Godena, Michele"]
[Black "Naumkin, Igor"]
[Result "1/2-1/2"]
[WhiteElo "2420"]
[BlackElo "2455"]
[PlyCount "50"]
[EventDate "1995.09.30"]

1.e4 e5 2.Nf3 Nc6 3.Nc3 Nf6 4.d4 exd4 5.Nxd4 Bb4 6.Nxc6 bxc6 7.Bd3 d5 8.
exd5 cxd5 9.O-O O-O 10.Bg5 c6 11.Na4 h6 12.Bh4 Re8 13.c4 g5 14.Bg3 Ne4 15.
a3 Bf8 16.cxd5 cxd5 17.Rc1 Bb7 18.Bc7 Qf6 19.Qb3 Bc6 20.Bb5 Nd2 21.Rxc6 
Qxc6 22.Bxc6 Nxb3 23.Rd1 d4 24.Kf1 Bg7 25.Bd6 Na5 1/2-1/2

[Event "XVI Festival Magistrale"]
[Site "Asti ITA"]
[Date "1995.10.08"]
[Round "9"]
[White "Lacrosse, Marc"]
[Black "Canelli, Daniele"]
[Result "0-1"]
[WhiteElo "2240"]
[BlackElo "1911"]
[PlyCount "82"]
[EventDate "1995.09.30"]

1.d4 Nf6 2.c4 e5 3.dxe5 Ng4 4.Bf4 Bc5 5.e3 d6 6.Nf3 Nc6 7.Bg5 f6 8.exf6 
Nxf6 9.Nc3 h6 10.Bh4 g5 11.Bg3 Be6 12.Be2 Qe7 13.O-O O-O-O 14.Nd5 Qf7 15.
Nxf6 Qxf6 16.Qc1 h5 17.h3 h4 18.Bh2 g4 19.hxg4 Bxg4 20.Nd4 Bxe2 21.Nxe2 
Rdg8 22.Nf4 Ne5 23.Kh1 Qf5 24.Qb1 Qg5 25.Qe4 Rh6 26.a3 Ng4 27.b4 Bb6 28.
Rad1 Kb8 29.Rd5 Qg7 30.c5 Nf6 31.Qf3 Nxd5 32.Qxd5 c6 33.Qf3 Bc7 34.cxd6 
Bxd6 35.Rd1 Bc7 36.Rd4 Ka8 37.Qh3 a6 38.a4 Bxf4 39.Bxf4 Rg6 40.Qxh4 Ka7 
41.Bh2 Rh8 0-1

[Event "XVI Festival Magistrale"]
[Site "Asti ITA"]
[Date "1995.10.08"]
[Round "9"]
[White "Malano, Francesco"]
[Black "Fuggetta, Leonardo"]
[Result "0-1"]
[WhiteElo "1908"]
[BlackElo "2115"]
[PlyCount "98"]
[EventDate "1995.09.30"]

1.e4 g6 2.g3 Bg7 3.Bg2 d6 4.Ne2 e5 5.Nbc3 Ne7 6.d3 O-O 7.O-O c5 8.Be3 Nbc6
9.Qd2 Nd4 10.a4 Nec6 11.Nd5 Nxe2+ 12.Qxe2 Nd4 13.Qd1 Be6 14.c3 Nc6 15.Rb1 
Bxd5 16.exd5 Ne7 17.Qb3 b6 18.Rbe1 Qd7 19.Re2 Rae8 20.Rfe1 f5 21.f4 Kh8 
22.Kh1 Ng8 23.Bc1 exf4 24.Bxf4 Bh6 25.Re6 Bxf4 26.gxf4 Nf6 27.Qb5 Qxb5 28.
axb5 Kg7 29.Ra1 Rxe6 30.dxe6 Nh5 31.Rxa7+ Kf6 32.d4 Kxe6 33.dxc5 dxc5 34.
Rb7 Rd8 35.Rxb6+ Rd6 36.Rc6 Nxf4 37.Bf3 Nd3 38.c4 Rxc6 39.Bxc6 Nxb2 40.
Bd5+ Kd6 41.Bg8 h6 42.Kg2 g5 43.Kf3 Na4 44.Ke3 Ke5 45.Bf7 Nb6 46.h3 g4 47.
Kf2 Kf4 48.hxg4 fxg4 49.Kg2 Kg5 0-1

[Event "XVI Festival Magistrale"]
[Site "Asti ITA"]
[Date "1995.10.08"]
[Round "9"]
[White "Mordiglia, Riccardo"]
[Black "Faraoni, Enrico"]
[Result "1/2-1/2"]
[WhiteElo "2015"]
[BlackElo "2135"]
[PlyCount "108"]
[EventDate "1995.09.30"]

1.e4 g5 2.d4 Bg7 3.Nc3 h6 4.Bc4 d6 5.Nge2 Nc6 6.O-O e5 7.dxe5 Nxe5 8.Bb3 
Nf6 9.f4 gxf4 10.Nxf4 Bg4 11.Qe1 c6 12.Be3 Qe7 13.h3 Be6 14.Bxe6 fxe6 15.
Rd1 O-O 16.Qh4 Rae8 17.Nh5 Nxh5 18.Rxf8+ Qxf8 19.Qxh5 Qf7 20.Qxf7+ Nxf7 
21.Bd4 Bxd4+ 22.Rxd4 Kg7 23.Rd3 Re7 24.Kf2 Kf6 25.h4 Ke5 26.Rg3 b5 27.Ke3 
d5 28.exd5 exd5 29.Kd2 d4 30.Ne2 Nd6 31.Rg6 Nc4+ 32.Kd1 Rf7 33.Ke1 Ne3 34.
Ng3 Nxg2+ 35.Kd1 Ne3+ 36.Ke2 Rf6 37.Rxf6 Kxf6 38.Kd3 Nf5 39.Nxf5 Kxf5 40.
Kxd4 Kg4 41.Kc5 Kxh4 42.Kxc6 a6 43.a4 b4 44.c4 bxc3 45.bxc3 Kg3 46.c4 h5 
47.c5 h4 48.Kb6 h3 49.c6 h2 50.c7 h1=Q 51.c8=Q Qb1+ 52.Kxa6 Qd3+ 53.Ka5 
Qd2+ 54.Kb5 Qb2+ 1/2-1/2

[Event "XVI Festival Magistrale"]
[Site "Asti ITA"]
[Date "1995.10.08"]
[Round "9"]
[White "Sedina, Elena"]
[Black "Sarno, Spartaco"]
[Result "1/2-1/2"]
[WhiteElo "2350"]
[BlackElo "2405"]
[PlyCount "81"]
[EventDate "1995.09.30"]

1.e4 d6 2.d4 Nf6 3.Nc3 g6 4.Be3 c6 5.Qd2 b5 6.f3 Nbd7 7.h4 Nb6 8.g4 h5 9.
g5 Nfd7 10.f4 Bg7 11.b3 O-O 12.Bg2 Bb7 13.Nge2 b4 14.Nd1 c5 15.O-O cxd4 
16.Bxd4 Bxd4+ 17.Qxd4 Qc8 18.Qxb4 Qxc2 19.Ndc3 Rfc8 20.Rf3 Nc5 21.Nd4 Qb2 
22.Rb1 Na6 23.Qa5 Rc5 24.Rxb2 Rxa5 25.b4 Ra3 26.Nc2 Rxc3 27.Rxc3 Na4 28.
Rbb3 Nxc3 29.Rxc3 Rb8 30.a3 Kf8 31.Kf2 Ke8 32.Nd4 Kd8 33.Ke3 Nc7 34.b5 e5 
35.fxe5 dxe5 36.Nf3 Nxb5 37.Rd3+ Ke7 38.Nxe5 Nd6 39.Rc3 Rc8 40.Rxc8 Nxc8 
41.Nc4 1/2-1/2

[Event "XVI Festival Magistrale"]
[Site "Asti ITA"]
[Date "1995.10.08"]
[Round "9"]
[White "Spinelli, Doriano"]
[Black "Maccagno, Giancarlo"]
[Result "1-0"]
[WhiteElo "2155"]
[BlackElo "2210"]
[PlyCount "57"]
[EventDate "1995.09.30"]

1.e4 c5 2.d4 cxd4 3.c3 dxc3 4.Nxc3 Nc6 5.Nf3 e6 6.Bc4 Nf6 7.Qe2 Qc7 8.h3 
d6 9.O-O a6 10.Bf4 e5 11.Nd5 Nxd5 12.exd5 Ne7 13.Nxe5 f6 14.Rac1 Qd8 15.
Nf3 Kf7 16.Nd4 Ng6 17.Ne6 Qe7 18.Bg3 h5 19.Bb3 Bd7 20.Rfe1 h4 21.Bh2 Kg8 
22.Qe4 Rh6 23.Qb4 Rb8 24.Nxf8 Qxf8 25.Bxd6 Qd8 26.Bxb8 Qxb8 27.d6+ Kh8 28.
Rc7 Nf8 29.Re7 1-0

[Event "XVI Festival Magistrale"]
[Site "Asti ITA"]
[Date "1995.10.08"]
[Round "9"]
[White "Sulava, Nenad"]
[Black "Nurkic, Sahbaz"]
[Result "1-0"]
[WhiteElo "2390"]
[BlackElo "2420"]
[PlyCount "71"]
[EventDate "1995.09.30"]

1.Nf3 Nf6 2.g3 g6 3.b3 Bg7 4.Bb2 O-O 5.Bg2 d6 6.d4 Nc6 7.O-O e5 8.dxe5 Nd7
9.Qd2 Ndxe5 10.Nxe5 Nxe5 11.c4 Nd7 12.Nc3 Nf6 13.Rad1 Qe7 14.h3 Rb8 15.g4 
Bd7 16.c5 Be6 17.cxd6 cxd6 18.Qxd6 Qxd6 19.Rxd6 Rfc8 20.Rd3 h5 21.g5 Nd7 
22.Rc1 Rc5 23.Ne4 Rxc1+ 24.Bxc1 Rc8 25.Ba3 b6 26.Rd2 a5 27.f4 a4 28.Nd6 
Rc3 29.Nb5 Rc8 30.Bd5 Nc5 31.Bxc5 Rxc5 32.Bxe6 Rxb5 33.Bc4 Rb4 34.Rd7 axb3
35.axb3 b5 36.Bxf7+ 1-0

[Event "X Corsicoscacchi 1N"]
[Site "Corsico ITA"]
[Date "1995.10.??"]
[Round "3"]
[White "Papale, Carmelo"]
[Black "Bressanelli, Roberto"]
[Result "0-1"]
[WhiteElo "1824"]
[BlackElo "1906"]
[PlyCount "114"]
[EventDate "1995.10.08"]

1. Nf3 Nf6 2. g3 b5 3. Bg2 Bb7 4. d3 e6 5. e4 d6 6. O-O Be7 7. Nbd2 c5 8. a4 a6
9. c3 Nbd7 10. Re1 O-O 11. Qb3 Bc6 12. a5 Rb8 13. d4 c4 14. Qc2 e5 15. b3 cxb3
16. Nxb3 Re8 17. Ba3 Bf8 18. Rad1 Bxe4 19. Qa2 Bxf3 20. Bxf3 e4 21. Bg2 d5 22.
Bc1 Rc8 23. Bd2 Nb8 24. Bh3 Rc4 25. Qb2 Nc6 26. Ra1 Ra4 27. Bg5 Rxa1 28. Rxa1
h6 29. Be3 Qc7 30. Qa2 Qd8 31. Re1 Nh7 32. Bg2 Ng5 33. h4 Nf3+ 34. Bxf3 exf3
35. Nd2 b4 36. Nxf3 bxc3 37. Rc1 Qxa5 38. Qxa5 Nxa5 39. Rxc3 Nc4 40. Bf4 a5 41.
Nd2 Rc8 42. Nb1 a4 43. Bc1 Bb4 44. Rc2 Ra8 45. Ra2 a3 46. Kf1 Re8 47. Bd2 Nxd2+
48. Nxd2 Rb8 49. Nf3 Be7 50. Kg2 Rb2 51. Ra1 f6 52. h5 Bb4 53. Ne1 Rd2 54. Nf3
Re2 55. Kf1 Rb2 56. Ne1 a2 57. Kg2 Bc3 0-1

[Event "C.to Mondiale U20"]
[Site "Halle GER"]
[Date "1995.09.??"]
[Round "1"]
[White "Georgiev, Vladimir"]
[Black "Isonzo, David"]
[Result "1/2-1/2"]
[WhiteElo "2440"]
[BlackElo "2190"]
[PlyCount "66"]
[EventDate "1995.09.24"]

1. e4 c5 2. Nf3 d6 3. d4 cxd4 4. Nxd4 Nf6 5. Nc3 a6 6. Bg5 e6 7. f4 Be7 8. Qf3
Qc7 9. O-O-O Nbd7 10. g4 b5 11. Bxf6 Nxf6 12. g5 Nd7 13. a3 Rb8 14. h4 b4 15.
axb4 Rxb4 16. Bh3 Qb6 17. Nf5 exf5 18. Nd5 Qc5 19. exf5 Bb7 20. Rhe1 Bxd5 21.
Rxd5 Qc7 22. Rd3 Nc5 23. Rde3 O-O 24. Rxe7 Qa5 25. Re8 Qa1+ 26. Kd2 Qxb2 27.
Qe3 Qd4+ 28. Qxd4 Rxd4+ 29. Kc1 Rxf4 30. f6 gxf6 31. gxf6 Rxf6 32. R8e3 Rg6 33.
Bf5 Rg2 1/2-1/2

[Event "C.to Mondiale U20"]
[Site "Halle GER"]
[Date "1995.09.??"]
[Round "3"]
[White "Kumaran, Dharshan"]
[Black "Isonzo, David"]
[Result "1-0"]
[WhiteElo "2500"]
[BlackElo "2190"]
[PlyCount "67"]
[EventDate "1995.09.24"]

1. d4 Nf6 2. c4 g6 3. Nc3 Bg7 4. e4 d6 5. Nf3 O-O 6. Be2 e5 7. d5 a5 8. h3 Na6
9. Bg5 h6 10. Be3 Ne8 11. Qd2 Kh7 12. g4 f5 13. exf5 gxf5 14. gxf5 Bxf5 15.
O-O-O c6 16. dxc6 bxc6 17. h4 Nb4 18. h5 d5 19. Bc5 d4 20. Bxf8 Bxf8 21. Nh4
Bc2 22. a3 Be7 23. axb4 Bg5 24. f4 Bxf4 25. Qxf4 exf4 26. Kxc2 axb4 27. Ne4 b3+
28. Kd3 Qe7 29. Ng3 Qf7 30. Rhf1 Qa7 31. Rxf4 Qa2 32. Rf7+ Kg8 33. Rdf1 Nc7 34.
Rxc7 1-0

[Event "C.to Mondiale U20"]
[Site "Halle GER"]
[Date "1995.09.??"]
[Round "6"]
[White "Petrov, Jole"]
[Black "Isonzo, David"]
[Result "1-0"]
[WhiteElo "2340"]
[BlackElo "2190"]
[PlyCount "89"]
[EventDate "1995.09.24"]

1. d4 Nf6 2. Nf3 g6 3. c4 Bg7 4. g3 d6 5. Bg2 O-O 6. O-O Nbd7 7. Nc3 e5 8. e4
c6 9. h3 exd4 10. Nxd4 Re8 11. Be3 Nc5 12. Qc2 a5 13. Rad1 Nfd7 14. b3 Qb6 15.
Rfe1 Qb4 16. Ndb5 a4 17. Nd5 cxd5 18. Nc7 axb3 19. axb3 d4 20. Bd2 d3 21. Qb1
Qxb3 22. Nxe8 Be5 23. Qxb3 Nxb3 24. Bf4 Bxf4 25. gxf4 d2 26. Re3 Ndc5 27. Nxd6
Ra1 28. Bf3 Bxh3 29. Nxb7 Rc1 30. Kh2 Be6 31. Nxc5 Nxc5 32. Rxd2 Rxc4 33. Kg3
Kg7 34. Rd6 Na4 35. Bg4 Bxg4 36. Kxg4 Rxe4 37. Rxe4 f5+ 38. Kg5 fxe4 39. Rd7+
Kf8 40. Kf6 Ke8 41. Rxh7 Nc5 42. Kxg6 Nd3 43. f5 Nxf2 44. f6 Ng4 45. Kf5 1-0

[Event "C.to Mondiale U20"]
[Site "Halle GER"]
[Date "1995.09.??"]
[Round "8"]
[White "Manik, Mikulas"]
[Black "Isonzo, David"]
[Result "1/2-1/2"]
[WhiteElo "2380"]
[BlackElo "2190"]
[PlyCount "184"]
[EventDate "1995.09.24"]

1. e4 c5 2. Ne2 Nc6 3. d4 cxd4 4. Nxd4 e5 5. Nb5 a6 6. Nd6+ Bxd6 7. Qxd6 Qf6 8.
Qd1 Qg6 9. Nc3 d5 10. Nxd5 Qxe4+ 11. Ne3 Nf6 12. Bd3 Qh4 13. g3 Qb4+ 14. c3 Qc5
15. O-O O-O 16. Qc2 Re8 17. b4 Qe7 18. Nf5 Qc7 19. f3 Ne7 20. Nxe7+ Qxe7 21.
Bg5 h6 22. Bh7+ Kh8 23. Bxf6 Qxf6 24. Be4 Qb6+ 25. Qf2 Qc7 26. Qe3 Be6 27. Rac1
Rad8 28. Bb1 Qd7 29. Rfe1 Bf5 30. Bxf5 Qxf5 31. Red1 Qe6 32. Qe2 Qb6+ 33. Kg2
Qc6 34. Qe4 Qa4 35. Rxd8 Rxd8 36. Rc2 Qb5 37. Re2 f6 38. a4 Qd3 39. Qxd3 Rxd3
40. Rc2 Kg8 41. Kf2 Kf7 42. Ke2 Rd7 43. b5 axb5 44. axb5 Ke6 45. c4 Rd4 46. Ke3
Kd6 47. c5+ Kc7 48. c6 Rb4 49. cxb7+ Kxb7 50. Rd2 Kc7 51. Rd5 h5 52. f4 exf4+
53. gxf4 Rb3+ 54. Kf2 Rh3 55. Kg2 Rh4 56. Rf5 g5 57. Rxf6 gxf4 58. h3 Kb7 59.
Rc6 Ka7 60. Rc3 Kb6 61. Rb3 Kb7 62. Kh2 Kb6 63. Rb4 Ka7 64. b6+ Kb7 65. Rb3 f3
66. Kg3 Rb4 67. Kxf3 Rh4 68. Kg3 Ra4 69. h4 Rg4+ 70. Kf3 Ra4 71. Rb5 Ra3+ 72.
Kg2 Ra2+ 73. Kg3 Rb2 74. Kh3 Ra2 75. Rxh5 Kxb6 76. Rf5 Kc6 77. h5 Kd6 78. h6
Ke6 79. Rf2 Ra6 80. Kg4 Ra1 81. Rf8 Rg1+ 82. Kh5 Rh1+ 83. Kg6 Rg1+ 84. Kh7 Ke7
85. Rg8 Rh1 86. Kg7 Rg1+ 87. Kh8 Rh1 88. Rg6 Kf7 89. Kh7 Rh2 90. Rg1 Rh3 91.
Rf1+ Ke7 92. Rf4 Rh1 1/2-1/2

[Event "C.to Mondiale U20"]
[Site "Halle GER"]
[Date "1995.09.??"]
[Round "9"]
[White "Isonzo, David"]
[Black "Dos Santos Freire, Ramiro"]
[Result "0-1"]
[WhiteElo "2190"]
[BlackElo "2350"]
[PlyCount "74"]
[EventDate "1995.09.24"]

1. d4 d5 2. e3 Nf6 3. Nf3 e6 4. Bd3 c5 5. Nbd2 Nc6 6. b3 cxd4 7. exd4 Be7 8.
Bb2 O-O 9. O-O Qc7 10. a3 b6 11. Ne5 Nxe5 12. dxe5 Nd7 13. Re1 Nc5 14. Bf1 Bb7
15. Rc1 Rfd8 16. Nf3 Rac8 17. Nd4 a6 18. Qg4 b5 19. f4 Ne4 20. h3 Qb6 21. Kh2
Bc5 22. Rcd1 Nf2 23. Qg3 Nxd1 24. Rxd1 b4 25. a4 a5 26. f5 Ba6 27. f6 g6 28.
Qh4 Bxf1 29. Rxf1 Bf8 30. Bc1 Qb8 31. Nf3 Rxc2 32. Bh6 Rd7 33. Ng5 Qxe5+ 34.
Kh1 Bd6 35. Nf3 Qe2 36. Rg1 Qxf3 37. Bf8 Qg3 0-1

[Event "C.to Mondiale U20"]
[Site "Halle GER"]
[Date "1995.09.??"]
[Round "10"]
[White "Isonzo, David"]
[Black "Lehmann, Zoltan"]
[Result "0-1"]
[WhiteElo "2190"]
[BlackElo "2335"]
[PlyCount "76"]
[EventDate "1995.09.24"]

1. e4 e6 2. d4 d5 3. Nc3 Nf6 4. Bg5 Be7 5. e5 Nfd7 6. Bxe7 Qxe7 7. Nf3 a6 8.
Bd3 c5 9. dxc5 Nc6 10. Qe2 Nxc5 11. O-O O-O 12. Rfe1 b5 13. a3 b4 14. axb4 Nxb4
15. Na4 Nbxd3 16. cxd3 Nb3 17. Ra3 Rb8 18. d4 Qb4 19. Qd3 h6 20. Re3 Bd7 21.
Rxb3 Qxb3 22. Qxb3 Rxb3 23. Rxb3 Bxa4 24. Rb4 Rc8 25. h3 Bb5 26. Kh2 Rc2 27.
Kg3 Kf8 28. Nh4 Ke7 29. f4 g6 30. Nf3 Kd7 31. h4 Bf1 32. Rb7+ Ke8 33. f5 Rxg2+
34. Kf4 gxf5 35. Rb8+ Ke7 36. Ke3 Re2+ 37. Kf4 Re4+ 38. Kg3 Be2 0-1

[Event "C.to Mondiale U20"]
[Site "Halle GER"]
[Date "1995.09.??"]
[Round "13"]
[White "Isonzo, David"]
[Black "Arias Bouzada, Jorge"]
[Result "1-0"]
[WhiteElo "2190"]
[BlackElo "2030"]
[PlyCount "121"]
[EventDate "1995.09.24"]

1. d4 Nf6 2. Bg5 e6 3. Nf3 d5 4. e3 Nbd7 5. c3 Be7 6. Nbd2 b6 7. Bd3 Bb7 8. Ne5
Nxe5 9. dxe5 Nd7 10. Bf4 Nc5 11. Bb1 Qd7 12. Nf3 Qb5 13. b3 Ne4 14. Bxe4 dxe4
15. Nd4 Qa6 16. Qe2 O-O 17. Qxa6 Bxa6 18. c4 Bb7 19. O-O-O a6 20. h4 h6 21. g4
Rfd8 22. g5 c5 23. Ne2 Rxd1+ 24. Rxd1 Rd8 25. Rg1 hxg5 26. Bxg5 Rd7 27. Nf4 Kh7
28. Bxe7 Rxe7 29. Nh5 Kh6 30. Nxg7 Bc6 31. Rg5 Rc7 32. Nh5 Rc8 33. Nf6 Rh8 34.
Rh5+ Kg7 35. Rxh8 Kxh8 36. h5 Kg7 37. Kb2 Kh6 38. a4 a5 39. Kc3 Kg5 40. Kd2 Kh6
41. Ke1 Kg5 42. Kf1 Kh6 43. Kg2 Kg5 44. Kg3 Bb7 45. Nd7 Bc6 46. Nxb6 Kxh5 47.
Kf4 Kg6 48. Nc8 Kh6 49. Nd6 Kg6 50. Nb5 Ba8 51. Kg4 Bc6 52. Nd6 Ba8 53. Ne8 Bc6
54. Nf6 Kh6 55. Ng8+ Kg7 56. Nf6 Kg6 57. Kf4 Kh6 58. Nxe4 Bxe4 59. Kxe4 Kg5 60.
f3 Kh5 61. b4 1-0

[Event "C.to Mondiale U20 femminile"]
[Site "Halle GER"]
[Date "1995.09.??"]
[Round "1"]
[White "Agosto, Erika"]
[Black "Segal, Anna"]
[Result "1-0"]
[WhiteElo "2050"]
[BlackElo "2335"]
[PlyCount "103"]
[EventDate "1995.09.24"]

1. e4 g6 2. d4 Bg7 3. Nc3 d6 4. Be3 c6 5. Qd2 b5 6. f3 Nd7 7. a3 a6 8. Nge2 Nb6
9. b3 Qc7 10. Rd1 Bb7 11. g3 a5 12. Bg2 h5 13. Nf4 a4 14. Nb1 Nf6 15. Qf2 axb3
16. cxb3 Nbd7 17. Rc1 O-O 18. O-O Qa5 19. b4 Qa4 20. Rfd1 Rfd8 21. Bf1 Rac8 22.
Qe2 Nf8 23. Nc3 Qa7 24. Kf2 Ra8 25. Nb1 Qa4 26. Qc2 Qxc2+ 27. Rxc2 e5 28. Ne2
Ne6 29. dxe5 dxe5 30. Rcd2 Rxd2 31. Rxd2 g5 32. Bg2 Kf8 33. Nc1 Ke8 34. Nb3 Bc8
35. Rc2 Bd7 36. Na5 Bf8 37. Nb3 Bd6 38. Nc5 Nd4 39. Rc1 Rc8 40. Bxg5 Nh7 41.
Be3 Nf8 42. f4 Nde6 43. Nd3 exf4 44. gxf4 Be7 45. Bf3 h4 46. Ne5 Nd8 47. f5 Nh7
48. Rg1 Bd6 49. Bf4 c5 50. Rg8+ Ke7 51. Nxd7 Bxf4 52. Nb6 1-0

[Event "C.to Mondiale U20 femminile"]
[Site "Halle GER"]
[Date "1995.09.??"]
[Round "2"]
[White "Medvegy, Nora"]
[Black "Agosto, Erika"]
[Result "1-0"]
[WhiteElo "2265"]
[BlackElo "2050"]
[PlyCount "95"]
[EventDate "1995.09.24"]

1. e4 e5 2. Nf3 Nc6 3. Bc4 Be7 4. d4 exd4 5. c3 Nf6 6. e5 Ne4 7. Bd5 Ng5 8.
Nxg5 Bxg5 9. Qh5 Qe7 10. Qxg5 f6 11. Qh5+ g6 12. Qe2 Nxe5 13. cxd4 Nd3+ 14. Kd2
Qxe2+ 15. Kxe2 Nb4 16. Bb3 b6 17. Be3 Ba6+ 18. Kd2 O-O-O 19. Na3 d5 20. Kc3 Nc6
21. Nc2 Ne7 22. Rhe1 Nf5 23. Nb4 Bb7 24. Nd3 c5 25. Bd1 c4 26. Nb4 a5 27. Nc2
Nd6 28. Bf3 b5 29. a3 g5 30. h4 Rdg8 31. hxg5 fxg5 32. Bg4+ Kc7 33. f3 h5 34.
Be6 Rg6 35. Bg1 Rhh6 36. Bf7 Rf6 37. Re7+ Kc6 38. Be8+ Kb6 39. Bh2 Nf5 40. Bc7+
Ka6 41. Re5 g4 42. Nb4+ Ka7 43. Nxd5 Bxd5 44. Rxd5 gxf3 45. gxf3 Ng7 46. Bxb5
Rxf3+ 47. Kxc4 Nf5 48. Bd7 1-0

[Event "C.to Mondiale U20 femminile"]
[Site "Halle GER"]
[Date "1995.09.??"]
[Round "3"]
[White "Agosto, Erika"]
[Black "Khurtsilava, Inga"]
[Result "0-1"]
[WhiteElo "2050"]
[BlackElo "2250"]
[PlyCount "68"]
[EventDate "1995.09.24"]

1. e4 c6 2. d4 d5 3. exd5 cxd5 4. c4 Nf6 5. Nc3 e6 6. Bg5 dxc4 7. Bxc4 Be7 8.
Nf3 O-O 9. O-O Nc6 10. Bb3 b6 11. Rc1 Bb7 12. Bc4 Rc8 13. Be2 Nb4 14. Ne5 h6
15. Bh4 Nbd5 16. Bf3 Nxc3 17. bxc3 Bxf3 18. Nxf3 b5 19. Qd3 Qa5 20. Ne5 Rfd8
21. Qf3 Rd5 22. Ng4 Nxg4 23. Bxe7 Nxh2 24. Kxh2 Qc7+ 25. Kg1 Qxe7 26. Rfd1 Rc4
27. Rb1 Qa3 28. Rdc1 Qxa2 29. Qd3 Qa5 30. Ra1 Qc7 31. Qe3 a5 32. g3 a4 33. Qd2
Qc6 34. f3 Kf8 0-1

[Event "C.to Mondiale U20 femminile"]
[Site "Halle GER"]
[Date "1995.09.??"]
[Round "4"]
[White "Khegai, Angela"]
[Black "Agosto, Erika"]
[Result "1-0"]
[WhiteElo "2025"]
[BlackElo "2050"]
[PlyCount "63"]
[EventDate "1995.09.24"]

1. d4 d5 2. c4 e6 3. Nc3 Nf6 4. Bg5 Be7 5. e3 Nbd7 6. cxd5 exd5 7. Bd3 c6 8.
Qc2 h6 9. Bh4 Nb6 10. Nf3 Be6 11. Ne5 Nc8 12. O-O-O Nd6 13. f4 Qc7 14. f5 Bd7
15. Bxf6 Bxf6 16. Nxd5 Qd8 17. Nxf6+ gxf6 18. Nc4 Qc7 19. Nxd6+ Qxd6 20. Qc5
Qc7 21. Kb1 b6 22. Qc4 Rh7 23. d5 O-O-O 24. Qd4 Qe5 25. Qa4 Kb7 26. dxc6+ Bxc6
27. Ba6+ Kc7 28. Rc1 Rd6 29. Bb5 Qxf5+ 30. e4 Qd7 31. Bxc6 Rxc6 32. Rxc6+ 1-0

[Event "V Festival Magistrale"]
[Site "Amantea ITA"]
[Date "1995.09.??"]
[Round "2"]
[White "Contin, Daniel"]
[Black "Malaniuk, Vladimir P."]
[Result "0-1"]
[WhiteElo "2365"]
[BlackElo "2580"]
[PlyCount "110"]
[EventDate "1995.09.09"]

1. c4 f5 2. g3 Nf6 3. Bg2 d6 4. Nc3 g6 5. e3 Bg7 6. Nge2 c6 7. O-O Na6 8. Rb1
e5 9. d3 Nc7 10. e4 O-O 11. h3 f4 12. gxf4 Nh5 13. f5 gxf5 14. Ng3 Nf4 15. Bxf4
exf4 16. Nxf5 Bxf5 17. exf5 Rxf5 18. Bf3 Qh4 19. Ne4 d5 20. Bg4 Rff8 21. cxd5
cxd5 22. Nd2 Qf6 23. Nf3 Kh8 24. Kh1 Rae8 25. Qb3 b6 26. Rbc1 Re7 27. Rc2 Qf7
28. Ng5 Qf6 29. Nf3 Qf7 30. Ng5 Qg6 31. Rxc7 Rxc7 32. Ne6 Rcf7 33. Nxf8 Rxf8
34. Qxd5 Qf6 35. Rc1 Qxb2 36. Rc7 Qxf2 37. Rxg7 Qe1+ 38. Kh2 Qd2+ 39. Kh1 Qc1+
40. Bd1 Kxg7 41. Qg5+ Kf7 42. Qf5+ Ke7 43. Qe5+ Kd7 44. Qg7+ Ke6 45. Qxf8 Qxd1+
46. Kg2 Qe2+ 47. Kg1 Qe1+ 48. Kg2 Qe2+ 49. Kg1 Qe1+ 50. Kg2 Qg3+ 51. Kf1 Qxd3+
52. Ke1 Qb1+ 53. Kf2 Qxa2+ 54. Kf3 Qd5+ 55. Ke2 f3+ 0-1

[Event "V Festival Magistrale"]
[Site "Amantea ITA"]
[Date "1995.09.??"]
[Round "2"]
[White "Fiore, Mario"]
[Black "Smagin, Sergey B."]
[Result "0-1"]
[WhiteElo "2340"]
[BlackElo "2545"]
[PlyCount "86"]
[EventDate "1995.09.09"]

1. e4 d5 2. exd5 Nf6 3. d4 Nxd5 4. Nf3 g6 5. Bc4 Bg7 6. O-O O-O 7. Bb3 Nb6 8.
c3 N8d7 9. Re1 h6 10. Qe2 e6 11. Bf4 a5 12. a4 Nd5 13. Bg3 b6 14. Nbd2 Ba6 15.
Bc4 Bb7 16. Ne5 N7f6 17. Nd3 Ne8 18. Ne5 Nd6 19. Bd3 Nf5 20. Ndf3 Qc8 21. c4
Nb4 22. Bxf5 exf5 23. h4 Re8 24. Qd2 Be4 25. Rac1 Re7 26. c5 Qe8 27. cxb6 cxb6
28. b3 Rd8 29. Qc3 Na2 30. Qc4 Bd5 31. Qc2 Nxc1 32. Rxc1 Re6 33. Bf4 f6 34. Nc4
Qf7 35. Be3 Be4 36. Qb2 Rc6 37. Nfd2 Bd5 38. f3 h5 39. Bf2 Re8 40. Re1 Rxe1+
41. Bxe1 Qe6 42. Bf2 f4 43. Qb1 f5 0-1

[Event "V Festival Magistrale"]
[Site "Amantea ITA"]
[Date "1995.09.??"]
[Round "2"]
[White "Hodgson, Julian M."]
[Black "Vul, Arkadi Eremeevich"]
[Result "1/2-1/2"]
[WhiteElo "2590"]
[BlackElo "2405"]
[PlyCount "91"]
[EventDate "1995.09.09"]

1. d4 d5 2. Bg5 Nf6 3. Bxf6 gxf6 4. c4 dxc4 5. Nc3 c6 6. a4 e5 7. Nf3 Bg7 8. e4
Bg4 9. Bxc4 exd4 10. Qxd4 Nd7 11. Qe3 Qb6 12. Qxb6 Nxb6 13. Be2 f5 14. a5 Nd7
15. Nd2 Bxc3 16. bxc3 Bxe2 17. Kxe2 O-O-O 18. Nc4 Nc5 19. e5 Ne4 20. Rhc1 Rhe8
21. f3 Nd6 22. Nxd6+ Rxd6 23. f4 f6 24. a6 b6 25. Rd1 Rxd1 26. Rxd1 fxe5 27.
Rd6 exf4+ 28. Kf2 Kc7 29. Rh6 Re7 30. c4 b5 31. c5 b4 32. Rh3 Rd7 33. Ke2 Kd8
34. Rh4 Rg7 35. Kf2 Rd7 36. Ke2 Rg7 37. Kf1 Rd7 38. Rxf4 b3 39. Rb4 Rd3 40. Rb7
Rc3 41. Ke2 Rc2+ 42. Kd3 Rxc5 43. Rxh7 b2 44. Rb7 Ra5 45. Rxb2 Rxa6 46. Rb7
1/2-1/2

[Event "V Festival Magistrale"]
[Site "Amantea ITA"]
[Date "1995.09.??"]
[Round "2"]
[White "Levitt, Jonathan Paul"]
[Black "Giorgadze, Giorgi"]
[Result "0-1"]
[WhiteElo "2420"]
[BlackElo "2605"]
[PlyCount "72"]
[EventDate "1995.09.09"]

1. d4 d5 2. c4 c6 3. cxd5 cxd5 4. Bf4 Nf6 5. Nc3 a6 6. e3 e6 7. Bd3 Be7 8. Nf3
b5 9. O-O Bb7 10. h3 Nc6 11. Rc1 O-O 12. Ne5 Rc8 13. Bb1 Na5 14. Nd3 Nc4 15.
Bg5 Ne4 16. Bxe7 Qxe7 17. Nxe4 dxe4 18. Nc5 Nxb2 19. Qb3 Nc4 20. Rfd1 f5 21. a4
Bd5 22. axb5 Nd6 23. Qb2 axb5 24. Ba2 f4 25. Bxd5 exd5 26. Qb3 Nc4 27. exf4 Qe8
28. g3 g5 29. Ra1 gxf4 30. gxf4 Kh8 31. Kh1 Rg8 32. Rg1 Qh5 33. Rxg8+ Rxg8 34.
Rg1 Rxg1+ 35. Kxg1 Nd2 36. Qa3 Nf3+ 0-1

[Event "V Festival Magistrale"]
[Site "Amantea ITA"]
[Date "1995.09.??"]
[Round "3"]
[White "Forintos, Gyozo Victor"]
[Black "Archangelsky, Mikhail"]
[Result "0-1"]
[WhiteElo "2455"]
[BlackElo "2210"]
[PlyCount "90"]
[EventDate "1995.09.09"]

1. c4 e5 2. g3 Nc6 3. Bg2 g6 4. Nc3 Bg7 5. Rb1 a5 6. d3 f5 7. Bd2 Nf6 8. Qc1 h6
9. f4 d6 10. Nf3 Be6 11. O-O exf4 12. gxf4 O-O 13. a3 Kh7 14. Qe1 Bf7 15. Qh4
Kg8 16. Kh1 Qe7 17. Qg3 Rae8 18. Rbe1 Kh7 19. Qh3 Kg8 20. Nh4 Nd4 21. Nd5 Nxd5
22. Bxd5 Bxd5+ 23. cxd5 Qf7 24. e4 Nb3 25. Bc3 Bxc3 26. bxc3 Kh7 27. c4 fxe4
28. f5 g5 29. Ng6 Rg8 30. Rg1 exd3 31. Qxd3 Nc5 32. Qc2 Rxe1 33. Rxe1 Re8 34.
Rxe8 Qxe8 35. Kg2 Qe4+ 36. Qxe4 Nxe4 37. Nf8+ Kg7 38. Ne6+ Kf6 39. Nxc7 Kxf5
40. h3 Ke5 41. Ne6 Nd2 42. Nd8 Nxc4 43. a4 b5 44. axb5 a4 45. Nc6+ Kxd5 0-1

[Event "V Festival Magistrale"]
[Site "Amantea ITA"]
[Date "1995.09.??"]
[Round "3"]
[White "Giorgadze, Giorgi"]
[Black "Howell, James C."]
[Result "1/2-1/2"]
[WhiteElo "2605"]
[BlackElo "2525"]
[PlyCount "39"]
[EventDate "1995.09.09"]

1. d4 Nf6 2. c4 g6 3. Nc3 Bg7 4. e4 d6 5. Nf3 O-O 6. Be2 e5 7. Be3 Ng4 8. Bg5
f6 9. Bh4 Nc6 10. d5 Ne7 11. Nd2 Nh6 12. f3 c6 13. O-O c5 14. Rb1 g5 15. Bf2 f5
16. b4 b6 17. bxc5 bxc5 18. Nb3 Ng6 19. Nb5 Nf4 20. Qd2 1/2-1/2

[Event "V Festival Magistrale"]
[Site "Amantea ITA"]
[Date "1995.09.??"]
[Round "3"]
[White "Hodgson, Julian M."]
[Black "Naumkin, Igor"]
[Result "1-0"]
[WhiteElo "2590"]
[BlackElo "2455"]
[PlyCount "83"]
[EventDate "1995.09.09"]

1. c4 e5 2. Nc3 Nf6 3. Nf3 Nc6 4. g3 Bb4 5. Bg2 O-O 6. O-O e4 7. Ng5 Bxc3 8.
bxc3 Re8 9. f3 exf3 10. Nxf3 d5 11. d4 Ne4 12. Qc2 dxc4 13. Rb1 Qe7 14. Nd2 Ng5
15. e4 Bh3 16. Bxh3 Nxh3+ 17. Kg2 Ng5 18. h4 Nxe4 19. Nxe4 Qxe4+ 20. Qxe4 Rxe4
21. Rxb7 Rc8 22. Bf4 f6 23. Kf3 Re6 24. Rfb1 Ne7 25. R1b5 c5 26. Rxc5 Rxc5 27.
dxc5 a5 28. h5 g5 29. Bd6 Nd5 30. Rd7 Re3+ 31. Kf2 Rxc3 32. c6 Rd3 33. c7 Nxc7
34. Rd8+ Kf7 35. Bxc7 Ra3 36. Rd7+ Ke6 37. Rd6+ Ke7 38. Rd2 Ke6 39. Re2+ Kd5
40. Bd8 c3 41. Bxf6 Kc4 42. Be7 1-0